000 01599nam a2200313 a 4500
001 BRCA_4990
005 20190320204907.0
008 281010m17841785mx-######v---#000-0#spa-#
041 _aspa
044 _amx
084 _aDOC85
_b.G66
_c1784
100 1 _aGonzález de Cosío, Juan Manuel
_cConde
_912710
245 1 0 _aDocumento expedido por el Conde de la Torre Cosío
_cConde de la Torre Cosío, Francisco Antonio Crespo.
260 _aMéxico
_c1784-1785
300 _a[14] fojas
_c31 x 22 cm
500 _aDocumento solicitado el 30 de marzo de 1784
500 _aEl Conde de la Torre Cosío, dueño de varias casas situadas en San Francisco, Colegio de Niñas y el Coliseo Nuevo, pide informes de los gravámenes e hipotecas que reportan dichas propiedades ante Don Francisco Antonio Crespo, Corregidor de la ciudad. Información que se le dá
500 _aEl documento tiene la leyenda DOC. #245
500 _aAl margen sello con escudo Español y leyenda: SELLO SEGUNDO. SEIS REALES. AÑOS DE MIL SETECIENTOS OCHENTA Y QUATRO Y OCHENTA Y CINCO
500 _aPapel con marca de agua
500 _aEstado de conservación: Contiene en los márgenes roturas, dobleces y rastros de acidificación
506 0 _aFondo reservado: para su consulta es necesario credencial de usuario y carta de motivos
546 _aTexto en: español de finales del siglo XVIII
600 1 4 _aGonzález de Cosío, Juan Manuel
_cConde
_912710
651 4 _aMéxico
_vManuscrito
_xHistoria
_yColonia, 1521-1821
_912711
700 1 _aCrespo, Francisco Antonio
_912712
902 _aFDH
942 _2lcc
_cD
999 _c4684
_d4684